Vybrané inovatívne formy financovania podnikov v Európe a ich využívanie podnikmi
Rizikový kapitál (private equity) ako jedna z inovatívnych možností financovania. Výhody a nevýhody financovania prostredníctvom rizikového kapitálu. Rizikový kapitál a jeho využitie v Európe.
Saved in:
| Main Author: | |
|---|---|
| Other Authors: | , |
| Format: | Book Chapter |
| Language: | Slovak |
| Subjects: | |
| Tags: |
No Tags, Be the first to tag this record!
|
MARC
| LEADER | 00000naa$a2200000$$$4500 | ||
|---|---|---|---|
| 001 | 0204331 | ||
| 005 | 20240502073418.2 | ||
| 041 | 0 | |a slo | |
| 044 | |a SK | ||
| 245 | 1 | 0 | |a Vybrané inovatívne formy financovania podnikov v Európe a ich využívanie podnikmi |c Ivan Figuli, Denisa Gašparová, Marián Smorada |
| 520 | |a Rizikový kapitál (private equity) ako jedna z inovatívnych možností financovania. Výhody a nevýhody financovania prostredníctvom rizikového kapitálu. Rizikový kapitál a jeho využitie v Európe. | ||
| 610 | 2 | 0 | |a financie |
| 610 | 2 | 0 | |a financovanie |
| 610 | 2 | 0 | |a kapitál rizikový |
| 610 | 2 | 0 | |a financovanie súkromné |
| 610 | 2 | 0 | |a investície |
| 100 | 1 | |a Figuli, Ivan | |
| 700 | 1 | |a Gašparová, Denisa | |
| 700 | 1 | |a Smorada, Marián, 1984- | |